000 00593nam a22001817a 4500
005 20251108175129.0
008 250721s2008 xx 000 0 ara d
082 1 4 _a928.11/ناج
100 1 _aناجي، هلال
245 1 0 _aأبو هفان شاعر عبد القيس في العصر العباسي حياته و ديوانه /
264 1 _aدمشق :
_bدار الزمان للطباعة و النشر،
_c2008.
300 _a84ص.
650 1 7 _aالشعر العربي
650 1 7 _aالعصر العباسي
650 1 7 _aالتراجم
942 _2ddc
_cBK
999 _c126905
_d126905